Sobre la justificación de la autoridad
Gardado en:
| Autor Principal: | |
|---|---|
| Formato: | Libro |
| Idioma: | Lingua castelá |
| Publicado: |
Madrid
Centro de Estudios Constitucionales
1996
|
| Series: | Colección El Derecho y la Justicia, 46
|
| Subjects: | |
| Tags: |
Engadir etiqueta
Sen Etiquetas, Sexa o primeiro en etiquetar este rexistro!
|
MARC
| LEADER | 00000nam a2200000 a 4500 | ||
|---|---|---|---|
| 001 | UCT4297 | ||
| 003 | CL-VaPUC | ||
| 008 | 961108e19960000SP |||||||||||||||||spa|d | ||
| 082 | 0 | 4 | |a 340.1 |b ROD |2 21 |
| 100 | 0 | |a Ródenas Calatayud, Angeles |e author |9 373557 | |
| 245 | 1 | 0 | |a Sobre la justificación de la autoridad |
| 300 | |a 302 p | ||
| 942 | |c BK | ||
| 945 | |d 19961108 00:00:00 |a nastorga | ||
| 260 | |a Madrid |b Centro de Estudios Constitucionales |c 1996 | ||
| 650 | 0 | |a Autoridad |9 257105 | |
| 650 | 7 | |a NORMAS |2 CL-VaPUC |9 259606 | |
| 650 | 0 | |a Política |x Autoridad |9 373558 | |
| 650 | 7 | |a SISTEMA POLITICO |2 CL-VaPUC |9 373559 | |
| 650 | 7 | |a DERECHO |2 CL-VaPUC |9 373560 | |
| 650 | 0 | |a Estado |9 255503 | |
| 650 | 0 | |a Epistemología |9 264994 | |
| 650 | 0 | |a Democracia |9 255256 | |
| 650 | 0 | |a Ontología |9 256850 | |
| 583 | |a last modification |c 19961108 00:00:00 |k Rodrigo Vera | ||
| 490 | 0 | |a Colección El Derecho y la Justicia, 46 | |
| 999 | |c 253703 |d 253701 | ||
| 952 | |0 0 |1 0 |4 0 |6 340_100000000000000_ROD_1996 |7 0 |8 DER_TF |9 274748 |a BIBDER |b BIBDER |d 2019-11-19 |i 3249727 |o 340.1 ROD 1996 |p 3249727 |r 2023-01-25 |w 2019-11-19 |x Ubicación 4to Piso |y BK |z Estos recursos deben solicitarse con anticipación |k DER | ||